| 000 | 00488nam a22001337a 4500 | ||
|---|---|---|---|
| 999 |
_c525614 _d525614 |
||
| 008 | 240328b ||||| |||| 00| 0 eng d | ||
| 100 |
_aFarhat, Saima ,Javed, Mohd and Eram,Uzma _951447 |
||
| 245 | _aIndia’s recent merchandise trade potential with respect to united Arab Emirate | ||
| 260 | _aIndian Journal of Public Administration | ||
| 300 | _a70(1), Mar, 2024: p.191-195 | ||
| 773 | _aIndian Journal of Public Administration | ||
| 906 | _aINTERNATIONAL TRADE | ||
| 942 | _cAR | ||